Normal view
MARC view
- MILITARY SURVEILLANCE EQUIPMENT AND SUPPLIES HANDBOOK MANUALS.ETC, TARGET ACQUISITION EQUIPMENT AND SUPPLIES HANDBOOK, MANUALS ETC
Entry Topical Term
001 - CONTROL NUMBER
- control field: 74682
003 - CONTROL NUMBER IDENTIFIER
- control field: NUST
005 - DATE AND TIME OF LATEST TRANSACTION
- control field: 20210628205252.0
008 - FIXED-LENGTH DATA ELEMENTS
- fixed length control field: 210628|| aca||aabn | a|a d
040 ## - CATALOGING SOURCE
- Original cataloging agency: NUST
- Transcribing agency: NUST
150 ## - HEADING--TOPICAL TERM
- Topical term or geographic name entry element: MILITARY SURVEILLANCE EQUIPMENT AND SUPPLIES HANDBOOK MANUALS.ETC, TARGET ACQUISITION EQUIPMENT AND SUPPLIES HANDBOOK, MANUALS ETC
670 ## - SOURCE DATA FOUND
- Source citation: Work cat.: (NUST): RODGERS, A L,FOWLER, I B R,COLLINS, T.K GARLAND 74681, SURVEILLANCE AND TARGET ACQUISITION SYSTEMS, 1983
